000
00220nam a22000977a 4500
041
_a
ENG
245
_a
Watershed Management Rajiat De
260
_a
New Delhi
_b
Kisan Goshthi
_c
1995
650
_a
GAE (37)
856
_u
GAE (37)
999
_c
3148
_d
3148